[Event "AUTO-OPEN-4626"]
[Site "http://www.queenalice.com/game.php?id=1866063"]
[Date "2025.11.24"]
[Round "1"]
[White "Capixabba789"]
[Black "josebaron"]
[Result "0-1"]
[WhiteElo "1959"]
[BlackElo "2160"]

1. d4 d5 2. Nc3 Nf6 3. f4 e6 4. Nf3 Bb4 5. Bd2 O-O 6. e3 Bxc3 7. Bxc3 Nc6 8. Bd3
Ne4 9. O-O Nxc3 10. bxc3 Bd7 11. Bxh7+ Kxh7 12. Ng5+ Kg6 13. Qg4 f5 14. Qg3 Kf6
15. Nh7+ Kf7 16. Nxf8 Qxf8 17. Rab1 b6 18. Qg5 Qe7 19. Qh5+ Kg8 20. Rf3 Be8 21.
Qh3 Na5 22. Rg3 Nc4 23. Rg5 Nd2 24. Ra1 Ne4 25. Qh4 Nxg5 26. fxg5 Bg6 27. Qf4 a5
28. h4 Re8 29. g3 e5 30. dxe5 Qxe5 31. Qxe5 Rxe5 0-1

[Event "AUTO-OPEN-4626"]
[Site "http://www.queenalice.com/game.php?id=1866064"]
[Date "2025.11.24"]
[Round "1"]
[White "josebaron"]
[Black "Capixabba789"]
[Result "1-0"]
[WhiteElo "2154"]
[BlackElo "1968"]

1. e4 e5 2. Nf3 d6 3. d4 exd4 4. Nxd4 Nf6 5. Bg5 Be7 6. Bc4 O-O 7. O-O Bg4 8. f3
Bd7 9. Nc3 c5 10. Nf5 Bxf5 11. exf5 Nc6 12. Rb1 Ne5 13. Bxf6 Bxf6 14. Bd5 Rb8
15. Ne4 b5 16. Nxd6 b4 17. Ne4 Nxf3+ 18. Rxf3 Bd4+ 19. Nf2 Qf6 20. Bc4 a5 21. b3
Rbd8 22. Qf1 Rfe8 23. Re1 Rxe1 24. Qxe1 h6 25. Kh1 Bc3 26. Qe2 Rd2 27. Qe8+ Kh7
28. Bxf7 h5 29. Qg8+ Kh6 30. Qh8+ 1-0

[Event "Let's Play Chess!"]
[Site "http://www.queenalice.com/game.php?id=1866355"]
[Date "2025.11.30"]
[Round "-"]
[White "alow_proton"]
[Black "Capixabba789"]
[Result "0-1"]
[WhiteElo "1860"]
[BlackElo "1903"]

1. e4 e5 2. f4 exf4 3. Nf3 d5 4. e5 Nc6 5. d4 Be6 6. Bxf4 Nge7 7. Bg5 Qd7 8. Bb5
Ng6 9. O-O Be7 10. Bd2 a6 11. Bd3 Nb4 12. Bxb4 Bxb4 13. c3 Ba5 14. Nbd2 c6 15.
Nb3 Bb6 16. a4 Qc7 17. a5 Ba7 18. Ng5 O-O 19. Qe2 Nxe5 20. Kh1 Nxd3 21. Qxd3 g6
22. Rf6 Bb8 23. Raf1 Qxh2# 0-1

[Event "Let's Play Chess!"]
[Site "http://www.queenalice.com/game.php?id=1866356"]
[Date "2025.11.30"]
[Round "-"]
[White "Capixabba789"]
[Black "alow_proton"]
[Result "0-1"]
[WhiteElo "1926"]
[BlackElo "1915"]

1. d4 d5 2. Nc3 h6 3. Nf3 Nf6 4. e3 Bg4 5. Bd3 e6 6. O-O c5 7. Be2 a6 8. Ne5 Bf5
9. f4 Nc6 10. Bd3 cxd4 11. Nxc6 bxc6 12. Bxf5 exf5 13. exd4 Bd6 14. Qe2+ Ne4 15.
Nd1 O-O 16. Ne3 g6 17. c3 Kg7 18. Qf3 Rh8 19. a3 Qb8 20. c4 Qb7 21. c5 Be7 22.
b4 Bf6 23. Nc2 h5 24. Re1 Rhe8 25. Be3 a5 26. Rab1 Nc3 27. Ra1 axb4 28. axb4 Nb5
29. Rxa8 Rxa8 30. Ra1 Rxa1+ 31. Nxa1 Qa6 32. Qd1 Qa3 33. Nc2 Qb2 34. h3 Nc3 35.
Qd2 Ne4 36. Qd1 Qc3 37. Kh2 Bh4 38. Qe2 Ng3 39. Qd1 Ne4 40. Qe2 Bg3+ 41. Kh1 h4
42. Kg1 Nf6 43. Kh1 Nh5 44. Kg1 Nxf4 45. Bxf4 Bxf4 46. Kh1 Qd2 47. Qxd2 Bxd2 48.
Kg1 g5 49. Kf2 Kg6 50. Ke2 Bc1 51. Kd3 g4 52. hxg4 fxg4 53. Ne3 Bxe3 54. Kxe3
Kf5 55. Kd3 h3 0-1

[Event "AUTO-ADV-4906"]
[Site "http://www.queenalice.com/game.php?id=1866358"]
[Date "2025.11.29"]
[Round "1"]
[White "Capixabba789"]
[Black "SGF"]
[Result "1-0"]
[WhiteElo "1940"]
[BlackElo "1769"]

1. d4 e6 2. Nc3 c6 3. f4 Bb4 4. Bd2 Qb6 5. Nf3 f6 6. e3 h5 7. Bd3 h4 8. h3 a5 9.
Bg6+ Ke7 10. Qe2 f5 11. Ne5 Bxc3 12. Bxc3 Rh6 13. Bh5 Nf6 14. Bf3 d6 15. Nc4 Qb5
16. a4 Qa6 17. b3 b5 18. axb5 Qxb5 19. O-O d5 20. Nxa5 Qxe2 21. Bxe2 Ne4 22.
Nxc6+ Nxc6 23. Rxa8 Bb7 24. Bb4+ Nxb4 25. Ra7 Nd6 26. c4 Nc2 27. c5 Nxe3 28.
cxd6+ Kxd6 29. Rxb7 Nxf1 30. Kxf1 g6 31. b4 Kc6 32. Rf7 Rh8 33. Ba6 Rb8 34. b5+
Kb6 35. Rf6 Ka5 36. Rxe6 Rb6 37. Rxb6 Kxb6 38. Ke2 Ka5 39. Kf3 Kb6 40. g3 hxg3
41. Kxg3 Kc7 42. Kh4 Kb6 43. Kg5 Ka5 44. Kxg6 Kb4 45. b6 Kc3 46. b7 Kxd4 47.
Kxf5 Ke3 48. b8=Q d4 49. h4 d3 50. Bxd3 Kxd3 51. h5 Ke3 52. h6 Kf3 53. h7 Ke3
54. h8=Q Kf3 55. Qc3+ Kg2 56. Qbb2+ Kf1 57. Qcc1# 1-0

[Event "Let's Play Chess!"]
[Site "http://www.queenalice.com/game.php?id=1866440"]
[Date "2025.12.3"]
[Round "-"]
[White "alow_proton"]
[Black "Capixabba789"]
[Result "0-1"]
[WhiteElo "1906"]
[BlackElo "1949"]

1. e4 e5 2. f4 exf4 3. Nf3 d6 4. Bc4 Be7 5. O-O Nf6 6. d3 O-O 7. Bxf4 c5 8. Nc3
Nc6 9. a3 Be6 10. b3 a6 11. Nd5 b5 12. Nxe7+ Qxe7 13. Bxe6 fxe6 14. Bg5 e5 15.
c3 Qf7 16. Bxf6 Qxf6 17. Nd4 Qxf1+ 18. Qxf1 Rxf1+ 19. Rxf1 cxd4 20. b4 Rf8 21.
Rxf8+ Kxf8 22. cxd4 Nxd4 23. Kf2 Kf7 24. Ke3 Nc2+ 25. Kd2 Nd4 26. Kc3 Ke6 0-1

[Event "Let's Play Chess!"]
[Site "http://www.queenalice.com/game.php?id=1866441"]
[Date "2025.12.3"]
[Round "-"]
[White "Capixabba789"]
[Black "alow_proton"]
[Result "1/2-1/2"]
[WhiteElo "1963"]
[BlackElo "1892"]

1. d4 d5 2. Nc3 Nf6 3. f4 h6 4. Nf3 e6 5. e3 a6 6. Bd3 c5 7. O-O c4 8. Be2 Nc6
9. Ne5 Qc7 10. Bd2 Be7 11. Bf3 O-O 12. Ne2 Nd7 13. Ng3 Ncxe5 14. fxe5 f6 15.
exf6 Nxf6 16. c3 b5 17. a3 Bd7 18. Nh5 Rf7 19. Nxf6+ Rxf6 20. e4 Bc6 21. e5 Rff8
22. Bg4 Bd7 23. Qe2 Rxf1+ 24. Rxf1 Rf8 25. Rxf8+ Bxf8 26. Qf3 Qd8 27. Bh5 Be8
28. Bxe8 Qxe8 29. Qg4 Kh7 30. Be3 1/2-1/2

[Event "AUTO-MASTER-3290"]
[Site "http://www.queenalice.com/game.php?id=1866538"]
[Date "2025.12.4"]
[Round "1"]
[White "Capixabba789"]
[Black "WHUSIRO"]
[Result "0-1"]
[WhiteElo "1864"]
[BlackElo "1943"]

1. d4 Nf6 2. Nc3 d5 3. f4 e6 4. Nf3 Bb4 5. Bd2 O-O 6. e3 b6 7. Bd3 c5 8. O-O c4
9. Be2 Bxc3 10. Bxc3 Nc6 11. Ne5 Qc7 12. a3 Ne4 13. Be1 f6 14. Nf3 Bd7 15. c3 b5
16. Bf2 Be8 17. Qe1 a5 18. Nh4 Bd7 19. Bg3 Qd8 20. f5 Nxg3 21. Qxg3 e5 22. Rf2
Qe7 23. Nf3 e4 24. Nd2 Be8 25. Rf4 Qd6 26. Qh3 a4 27. Rh4 h6 28. Bh5 Bxh5 29.
Rxh5 Ne7 30. Qg4 Kh7 31. Rf1 Rg8 32. Rf2 Raf8 33. h4 Rf7 34. Nf1 Kh8 35. Ng3 Kh7
36. Ne2 Kh8 37. Nf4 Qd7 38. Ng6+ Nxg6 39. fxg6 Qxg4 0-1

[Event "AUTO-MASTER-3290"]
[Site "http://www.queenalice.com/game.php?id=1866539"]
[Date "2025.12.4"]
[Round "1"]
[White "WHUSIRO"]
[Black "Capixabba789"]
[Result "1-0"]
[WhiteElo "1956"]
[BlackElo "1851"]

1. e4 e5 2. Nf3 d6 3. h3 f5 4. exf5 Bxf5 5. d4 e4 6. Qe2 Nf6 7. Nc3 Be7 8. Nh4
Bd7 9. g4 Nc6 10. g5 O-O 11. gxf6 Bxf6 12. Ng2 Nxd4 13. Qd1 a6 14. Be2 Re8 15.
Be3 Nf3+ 16. Bxf3 exf3 17. Nf4 Bc6 18. Qd2 Be5 19. Nd3 b5 20. Rg1 Qh4 21. O-O-O
a5 22. Nxe5 Rxe5 23. Bd4 Re7 24. Qg5 Qxg5+ 25. Rxg5 Rae8 26. Be3 b4 27. Nd5 Re5
28. Nf6+ Kf7 29. Nxe8 Rxe8 30. Rdg1 g6 31. Rxa5 Be4 32. Ra7 Re7 33. h4 h5 34.
Ra4 c5 35. b3 Rd7 36. Ra6 Bf5 37. Bg5 d5 38. Re1 Be4 39. Rg1 Rb7 40. Bf4 c4 41.
Be3 cxb3 42. axb3 Rc7 43. Ra2 1-0

[Event "AUTO-OPEN-4628"]
[Site "http://www.queenalice.com/game.php?id=1866598"]
[Date "2025.12.4"]
[Round "1"]
[White "bmax"]
[Black "Capixabba789"]
[Result "1-0"]
[WhiteElo "2277"]
[BlackElo "1928"]

1. d4 e5 2. dxe5 d5 3. Nf3 Nc6 4. Bf4 Be6 5. e3 h5 6. Bb5 Nh6 7. Nc3 Nf5 8. O-O
Qd7 9. Qe2 O-O-O 10. Rfd1 Bc5 11. e4 Nfe7 12. exd5 Nxd5 13. Bg5 Rde8 14. Na4 1-0

[Event "AUTO-OPEN-4628"]
[Site "http://www.queenalice.com/game.php?id=1866599"]
[Date "2025.12.4"]
[Round "1"]
[White "Capixabba789"]
[Black "bmax"]
[Result "0-1"]
[WhiteElo "1930"]
[BlackElo "2275"]

1. d4 d5 2. Nc3 c6 3. f4 Nf6 4. Nf3 Bf5 5. e3 e6 6. Bd3 Be7 7. O-O O-O 8. Ne5 c5
9. Qe1 c4 10. Bxf5 exf5 11. Ne2 Ne4 12. Ng3 Bh4 13. Rf3 Bxg3 14. hxg3 f6 0-1

[Event "AUTO-ADV-4907"]
[Site "http://www.queenalice.com/game.php?id=1866655"]
[Date "2025.12.6"]
[Round "1"]
[White "Capixabba789"]
[Black "SGF"]
[Result "1-0"]
[WhiteElo "1820"]
[BlackElo "1773"]

1. d4 e6 2. e4 Qf6 3. e5 Qg6 4. Nf3 Bb4+ 5. c3 Be7 6. Be2 Qxg2 7. Rg1 Qh3 8. Be3
h6 9. Rxg7 f5 10. Rg3 Qh5 11. Nbd2 Nc6 12. Qc2 a6 13. O-O-O b5 14. Rdg1 Bb7 15.
Rxg8+ Rxg8 16. Rxg8+ Bf8 17. Nb3 O-O-O 18. Rg1 Be7 19. Nc5 Rf8 20. Nxb7 Kxb7 21.
a3 f4 22. Bd2 Bg5 23. Nxg5 hxg5 24. Bxh5 Rf5 25. f3 a5 26. d5 Nxe5 27. dxe6 dxe6
28. Qe4+ Kc8 29. Bg4 Nxg4 30. Qxe6+ Kb7 31. Qxf5 Nxh2 32. Rxg5 Nxf3 33. Qe4+ c6
34. Rg7+ Kb6 35. Qxf3 a4 36. Qxf4 Kc5 37. Rg5+ Kb6 38. Be3+ Ka6 39. Qb4 Kb7 40.
Qa5 Kc8 41. Rg7 Kb8 42. Qb6+ Kc8 43. Qc7# 1-0

[Event "AUTO-ADV-4907"]
[Site "http://www.queenalice.com/game.php?id=1866656"]
[Date "2025.12.6"]
[Round "1"]
[White "SGF"]
[Black "Capixabba789"]
[Result "0-1"]
[WhiteElo "1769"]
[BlackElo "1864"]

1. e4 e5 2. Qf3 Nc6 3. c3 d6 4. d3 Nf6 5. Qg3 Be6 6. Be2 a6 7. h4 Qd7 8. a4 Be7
9. Bf3 h5 10. Qxg7 O-O-O 11. Qg3 d5 12. exd5 Nxd5 13. Bxd5 Qxd5 14. Nd2 Rdg8 15.
Qf3 Qd7 16. Ne4 Bd5 17. b4 f5 18. Nc5 Bxf3 19. Nxd7 Bxg2 20. Rh2 Kxd7 21. f3 e4
22. dxe4 fxe4 23. Kf2 Bxf3 24. Nxf3 exf3 25. Kxf3 Bf6 26. Bb2 Rf8 27. Ke4 Kc8
28. b5 axb5 29. axb5 Ne5 30. Rd2 Kb8 31. Ba3 Rd8 32. Rxd8+ Rxd8 33. Be7 Bxe7 34.
Kxe5 Bxh4 35. Rh1 Bg3+ 36. Ke4 h4 37. Kf3 Ka7 38. c4 Kb6 39. Kg4 Kc5 40. Rc1
Rd4+ 41. Kh3 Rxc4 42. Rxc4+ Kxc4 43. Kg4 Kxb5 44. Kh3 Kc4 45. Kg4 b5 46. Kh3 b4
47. Kg2 c5 48. Kf3 Kd3 49. Kg2 c4 50. Kh3 c3 51. Kg2 b3 52. Kf3 b2 53. Kg4 c2
54. Kh3 c1=Q 55. Kg2 b1=Q 56. Kh3 Qh1+ 57. Kg4 Qb4+ 58. Kh5 Qd5+ 59. Kg6 Qb6+
60. Kg7 Qd7+ 61. Kf8 Qbd8# 0-1